[Event "Olavarria op"]
[Site "Olavarria"]
[Date "2019.04.04"]
[Round "7"]
[White "Arambel, Juan Ignacio"]
[Black "Zito, Alberto"]
[Result "0-1"]
[WhiteElo "1451"]
[BlackElo "1608"]
[PlyCount "68"]
[EventDate "2019.03.11"]
[EventType "swiss"]
[EventRounds "9"]
[EventCountry "ARG"]
[SourceTitle "CBM 190 Extra"]
[Source "ChessBase"]
[SourceDate "2019.07.15"]
[SourceVersion "1"]
[SourceVersionDate "2019.07.15"]
[SourceQuality "1"]

1. d4 c5 2. Nf3 cxd4 3. Nxd4 e5 4. Nf3 Nf6 5. g3 Nc6 6. Bg2 d5 7. 0-0 e4 8. Nd4 Qb6 9. Nxc6 bxc6 10. c3 Bc5 11. h3 Ba6 12. b4 Bd6 13. Be3 Qc7 14. Nd2 Nd7 15. Nb3 0-0 16. Qd2 Rae8 17. Nd4 f5 18. Bf4 Ne5 19. Rfe1 Qd7 20. Bxe5 Bxe5 21. e3 Rf6 22. Bf1 Bxf1 23. Rxf1 f4 24. exf4 Bxd4 25. cxd4 Qxh3 26. f3 Qxg3+ 27. Qg2 Qxf4 28. Kf2 Qd2+ 29. Kg1 Qxd4+ 30. Qf2 e3 31. Qe2 Rg6+ 32. Kh1 Rh6+ 33. Kg2 Ree6 34. Rh1 Reg6+ 0-1

[Event "Olavarria op"]
[Site "Olavarria"]
[Date "2019.03.28"]
[Round "5"]
[White "Arambel, Juan Ignacio"]
[Black "Cura, Federico"]
[Result "1-0"]
[WhiteElo "1451"]
[BlackElo "1167"]
[PlyCount "102"]
[EventDate "2019.03.11"]
[EventType "swiss"]
[EventRounds "9"]
[EventCountry "ARG"]
[SourceTitle "CBM 190 Extra"]
[Source "ChessBase"]
[SourceDate "2019.07.15"]
[SourceVersion "1"]
[SourceVersionDate "2019.07.15"]
[SourceQuality "1"]

1. c4 c6 2. Nf3 Nf6 3. g3 e6 4. d4 d5 5. Qc2 Be7 6. Bg2 0-0 7. 0-0 h6 8. b3 Bd7 9. Nc3 b6 10. e4 dxe4 11. Nxe4 Nxe4 12. Qxe4 Qc8 13. Bf4 Bf6 14. Be5 Bxe5 15. dxe5 Na6 16. Rad1 b5 17. Rd6 bxc4 18. Qxc4 Rb8 19. Rfd1 Rd8 20. Qd3 Nb4 21. Qe2 c5 22. Qd2 Nd5 23. Ne1 Rb6 24. Bxd5 Rxd6 25. exd6 exd5 26. Qxd5 Be6 27. Qe5 c4 28. Rc1 Qc6 29. bxc4 Rxd6 30. c5 Rd8 31. Qb2 Bc8 32. Qc3 Bb7 33. f3 g5 34. h3 h5 35. Qe5 f6 36. Qe7 Re8 37. Qd6 Qa4 38. Qxf6 Qc6 39. Qxg5+ Kf8 40. Qxh5 Ke7 41. Qe5+ Kd8 42. Qd6+ Qxd6 43. cxd6 a6 44. Kf2 Rh8 45. h4 Kd7 46. Rc7+ Kxd6 47. Rxb7 Ra8 48. Nd3 Kc6 49. Rb2 Ra7 50. f4 Rb7 51. Rxb7 Kxb7 1-0